Countries with embassies and consulates in Frankfurt - Statistics

General Stats
  • This quiz has been taken 62 times
  • The average score is 24 of 39
Answer Stats
Continent Country % Correct
North America United States of America
94%
South America Argentina
89%
Asia China
87%
South America Brazil
85%
South America Colombia
85%
Asia/ Europe Turkey
85%
Oceania Australia
83%
South America Chile
83%
Europe France
77%
Africa Egypt
74%
Asia Japan
74%
North America Mexico
74%
Europe Spain
74%
Asia India
72%
Europe Italy
72%
Asia Iran
70%
Asia Iraq
70%
South America Peru
70%
South America Venezuela
70%
Europe Greece
64%
Asia Indonesia
64%
Europe Switzerland
64%
Europe Portugal
60%
Asia Vietnam
58%
Europe Croatia
55%
Europe Serbia
55%
Asia South Korea
55%
Africa Morocco
49%
Africa Angola
47%
Europe Ukraine
45%
Asia Pakistan
42%
Asia Kazakhstan
40%
Asia Thailand
40%
Europe Kosovo
36%
Asia Malaysia
34%
Europe Montenegro
32%
Europe Moldova
30%
Asia Uzbekistan
28%
Asia Turkmenistan
25%
No matching quizzes found
Score Distribution
Percent of People with Each Score
Percentile by Number Answered
Your Score History
You have not taken this quiz